Glossário : (Record no. 647)
[ view plain ]
| 000 -LÍDER | |
|---|---|
| Campo Fixo de Controle | 01187nam a2200229 a 4500 |
| 001 - NÚMERO DE CONTROLE | |
| Campo de Controle | 647 |
| 003 - IDENTIFICAÇÃO DO NÚMERO DE CONTROLE | |
| Campo de Controle | BR-CuiBMT |
| 005 - DATA E HORA DA ÚLTIMA ATUALIZAÇÃO | |
| Campo de Controle | 20231112014746.0 |
| 008 - DADOS FIXOS | |
| Dados Fixos | 231111s2009 baba d 000 0 por d |
| 040 ## - AGÊNCIA CATALOGADORA | |
| Código da Agência Catalogadora | BR-CuiBMT |
| Agência que transcreveu o registro | BR-CuiBMT |
| 080 ## - Nº DA CLASSIFICAÇÃO DECIMAL UNIVERSAL | |
| Nº edição CDU | 2007 |
| Nº Class. CDU | 336.14 |
| Subd. Auxiliar Comum | (100) |
| -- | (038) |
| 090 ## - NÚMERO DE CHAMADA | |
| Complemento | R |
| Nº classificação | 336.14(100)(038) |
| Cutter | G563 |
| 245 #0 - TÍTULO PRINCIPAL | |
| Título principal | Glossário : |
| Subtítulo | palavras e expressões da língua inglesa utilizadas em contratos de empréstimos internacionais -BID e BIRD / |
| Indicação de responsabilidade | [autores Ana Paula Soares de Lima ... et. al. ; orientador Maria Telma Queiroz Britto ; Projeto gráfico Solisluna Design e Editora]. |
| 260 ## - PUBLICAÇÃO, DISTRIBUIÇÃO, ETC. | |
| Local de publicação | Salvador : |
| Editora | TCE-BA, |
| Data | 2009. |
| 300 ## - DESCRIÇÃO FÍSICA | |
| N. páginas ou volumes | 74 p. : |
| Ilustrações | il. ; |
| Dimensões | 17 cm |
| 504 ## - NOTA DE BIBLIOGRAFIA, ETC. | |
| Nota de bibliografia | "Trabalho de Conclusão de Curso da 1ª Turma do Curso de Inglês Instrumental, realizado com a carga horária de 360 horas-aula, no período de agosto 2007 a dezembro de 2008". |
| 650 ## - ASSUNTO TÓPICO | |
| Cabeçalho tópico ou nome geográfico | Orçamento público |
| Subdivisão geral | Vocabulários, glossários etc. |
| -- | Inglês - Português |
| Subdivisão geográfica | Brasil |
| 650 ## - ASSUNTO TÓPICO | |
| Cabeçalho tópico ou nome geográfico | Orçamento público internacional |
| Subdivisão geral | Vocabulários, glossários etc. |
| -- | Inglês - Português |
| 700 1# - ENTRADA SECUNDÁRIA -- NOME PESSOAL | |
| Nome pessoal | Britto, Maria Telma Queiroz |
| Cód. do termo explicativo | orient. |
| 700 1# - ENTRADA SECUNDÁRIA -- NOME PESSOAL | |
| Nome pessoal | Lima, Ana Paula Soares de |
| Termo de relação | et al. |
| -- | autores |
| 942 ## - ELEMENTOS DE ENTRADA ADICIONAIS (KOHA) | |
| Fonte de classificação ou esquema de arquivamento | Classificação Decimal Universal |
| Tipo de item do Koha | Obras de Referência |
| Estado: removido | Estado: perdido | Fonte de classificação ou esquema de arquivamento | Estado: danificado | Indisponível para empréstimo | Localização permanente | Localização atual | Data de aquisição | Total Checkouts | Número de Chamada completo | Código de barras | Date last seen | Número do exemplar | Preço efetivo a partir de | Tipo de item (Koha) |
|---|---|---|---|---|---|---|---|---|---|---|---|---|---|---|
| Classificação Decimal Universal | Biblioteca da Escola Superior de Contas do TCE/MT | Biblioteca da Escola Superior de Contas do TCE/MT | 12/11/2023 | R 336.14(100)(038) G563 | BIBTCEMT23110469 | 12/11/2023 | Ex. 1 | 12/11/2023 | Obras de Referência | |||||
| Classificação Decimal Universal | Biblioteca da Escola Superior de Contas do TCE/MT | Biblioteca da Escola Superior de Contas do TCE/MT | 13/04/2010 | R 336.14(100)(038) G563 | BIBTCEMT23120711 | 16/12/2023 | Ex. 2 | 13/04/2010 | Obras de Referência | |||||
| Classificação Decimal Universal | Biblioteca da Escola Superior de Contas do TCE/MT | Biblioteca da Escola Superior de Contas do TCE/MT | 13/04/2010 | R 336.14(100)(038) G563 | BIBTCEMT23120712 | 16/12/2023 | Ex. 3 | 13/04/2010 | Obras de Referência |